000 00951cas a22002415a 4500
001 L137649
008 110513c2011 xxkqr ws ss 0 a0eng u
035 _a(Sirsi) u137649
041 0 _aeng
110 2 _aGVA
_95945
245 0 0 _aIndustrial intelligence
_h[electronic resource]
260 _aLondon
_bGVA
_c2011-
362 0 _aCurrent annual issue
490 0 _aIndustrial Intelligence
520 _aProvides an annual overview and outlook for the UK industrial property market. covering economic fundamentals, occupier market, rents, investment, and industrial development. Concludes with a regional round-up.
554 _aAnnual
650 2 4 _aGVA INDUSTRIAL INTELLIGENCE
651 4 _aUnited Kingdom
_y
690 _aPROPERTY-INDUSTRIAL PROPERTY
690 _aPROPERTY-COMMERCIAL PROPERTY-COMMERCIAL PROPERTY MARKET
856 4 0 _uhttps://www.gva.co.uk/research/industrial/
_zView the item free of charge at www.gva.co.uk
942 _n0
999 _c118907
_d118907